| 000 | 01817nam a2200397 c 4500 | ||
|---|---|---|---|
| 003 | BLK | ||
| 005 | 20241118114646.0 | ||
| 008 | 180408b bul|||||r ||||||| ||bul|| | ||
| 010 | _aKNG00073799000 | ||
| 020 |
_a978-954-751-077-7 _bиздат.: Албатрос |
||
| 040 | _aBLK | ||
| 041 |
_aBUL _cBUL |
||
| 080 |
_aОпасност от пожари. Противопожарна защита - Санитарна защина при пожар, откриване на пожар, алармиране, предпазни мерки, противопожарна техника _b614.84 _x(075.8) _z614.84(075.8) |
||
| 100 | 1 |
_aДимитров, Стефан Димитров _eпърви автор _9368549 |
|
| 139 |
_aДимитров, Стефан Димитров _bД 58 |
||
| 245 | 1 | 0 |
_aЕвакуация на хора при пожар в помещения и сгради _bУч. помагало _cСтефан Димитров Димитров. |
| 250 | _a3. прераб. и доп. изд. | ||
| 257 | _aBGR | ||
| 260 |
_аСофия _bАлбатрос _c2007 _fСофия : Скала |
||
| 300 |
_a204 с. _bс ил., табл., 1 л. : сх. _c20 см |
||
| 380 | _a61 | ||
| 500 | _a1. изд. 1993 г. на изд. ВИ-МВР. - Библиогр. с. 199-203 | ||
| 504 | _a199-203 | ||
| 650 | 4 |
_aПротивопожарна охрана - учебници за ВУЗ _9246477 |
|
| 650 | 4 |
_aПожари _9166753 |
|
| 653 | _aпожари | ||
| 653 | _aпожарна безопасност | ||
| 653 | _aевакуация | ||
| 653 | _aучебници за ВУЗ | ||
| 852 | _aЦб 232987 | ||
| 856 | 4 |
_qpdf _u |
|
| 856 | 4 |
_qpdf _u |
|
| 942 |
_cKNG _n0 _01 |
||
| 944 |
_aCR _c05.04.2007 _lХристина Везирева _k30535 |
||
| 944 |
_aED _c14.01.2011 _lф / _k |
||
| 999 |
_c69452 _d69452 |
||